| 000 | 00848nam a2200205 a 4500 | ||
|---|---|---|---|
| 001 | 000329378 | ||
| 003 | AM-YeHGA | ||
| 005 | 20250618072052.0 | ||
| 008 | 040421s1915 ai a|||gr|||||||||0|arm|d | ||
| 040 | _aAM-YeHGA | ||
| 041 | 0 | _aarm | |
| 100 | 1 |
_aԱճառյան, Հրաչյա Հակոբի, _d1876-1953 _965 |
|
| 245 | 1 | 0 |
_aՏաճկահայոց հարցի պատմութիւնը : _b(Սկզբից մինչև 1915 թ.) / _cՀ. Աճառեան. |
| 260 |
_aՆոր-Նախիջևան : _bՆոր-Նախիջեւանի փոխանորդ. շրջ. քահանայութ. հրատ. : _bտպ. Ս.Յ. Աւագեան, _c1915. |
||
| 300 |
_a79 էջ : _bդիմանկ. ; _c26 սմ. |
||
| 650 | 1 | 0 |
_aՀայոց պատմություն _xՀայկական հարց |
| 650 | 1 | 4 | _aՀայոց ցեղասպանություն (1915-1923) |
| 942 |
_2udc _cBK |
||
| 090 | _c124535 | ||
| 999 |
_c123181 _d123181 |
||